Images That Start with 'V' Quiz Stats

Quiz Updated Nov 8, 2017

Challenge
Share
Tweet
Score 0/20 Timer 04:00
0 Plays Today
% Correct
violin
99.3%
volcano
95.7%
vest
95.2%
vacuum
93.2%
vulture
92.1%
veil
91.7%
Velcro
90.9%
vault
90%
valley
88.2%
violets
85.2%
% Correct
ventriloquist
81.6%
vise
77.2%
Venezuela
75.2%
velvet
71.5%
velociraptors
69.8%
vineyard
69.1%
vole
60.9%
vanilla
57%
vixen
49.8%
vertebra
44.3%

You're not logged in!

Compare scores with friends on all Sporcle quizzes.
Sign Up with Email
OR
Log In

You Might Also Like...

Show Comments

Extras

Top Quizzes Today


Score Distribution

Your Account Isn't Verified!

In order to create a playlist on Sporcle, you need to verify the email address you used during registration. Go to your Sporcle Settings to finish the process.